K novele občianskeho zákonníka.

Problematika nájomného, náhradného bytu, náhradného ubytovania a prístrešia. Určenie výšky nájomného. Úprava prechodu nájmu bytu v prípade smrti doterajšieho nájomníka. Prípady zrušenia nájomného pomeru zo strany prenajímateľa.

Gespeichert in:
Bibliographische Detailangaben
1. Verfasser: Plank, K.
Format: Buchkapitel
Sprache:Slowakisch
Schlagworte:
Tags: Tag hinzufügen
Keine Tags, Fügen Sie das erste Tag hinzu!

MARC

LEADER 00000naa a2200000 4500
001 r007963
005 20220831085531.6
041 0 |a slo 
044 |a [CS] 
245 1 0 |a K novele občianskeho zákonníka.  |c K. Plank 
520 |a Problematika nájomného, náhradného bytu, náhradného ubytovania a prístrešia. Určenie výšky nájomného. Úprava prechodu nájmu bytu v prípade smrti doterajšieho nájomníka. Prípady zrušenia nájomného pomeru zo strany prenajímateľa. 
610 2 0 |a predpisy právne 
610 2 0 |a byty 
610 2 0 |a nájomné 
610 2 0 |a prenájom 
610 2 0 |a ČSFR 
610 2 0 |a bývanie 
610 2 0 |a zákonník občiansky 
100 1 |a Plank, K.